AC Milan Top Scorers - Statistics

General Stats
  • This quiz has been taken 215 times
  • The average score is 9 of 25
Answer Stats
Country Goals Player (Answer) % Correct
Sweden 92 Zlatan Ibrahimovic
93%
Ukraine 175 Andriy Shevchenko
90%
Netherlands 125 Marco van Basten
89%
Italy 126 Filippo Inzaghi
83%
Brazil 104 Kaka
82%
Liberia 58 George Weah
77%
Sweden 214 Gunnar Nordahl
56%
Netherlands 62 Clarence Seedorf
49%
Italy 164 Gianni Rivera
48%
Brazil 63 Alexandre Pato
43%
Italy 70 Daniele Massaro
30%
Italy 150 Jose Altafini
27%
Sweden 82 Nils Liedholm
26%
Italy 75 Marco Simone
23%
Italy 103 Pierino Prati
20%
Italy 76 Pietro Paolo Virdis
16%
Italy 130 Aldo Boffi
10%
Italy 65 Angelo Sormani
7%
Italy 90 Alberto Bigon
6%
Italy 60 Luciano Chiarugi
4%
Italy 105 Giuseppe Santagostino
3%
Italy 57 Carlo Galli
1%
Italy 67 Giovanni Moretti
1%
Italy 70 Pietro Arcari
1%
Italy 88 Renzo Burini
1%
No matching quizzes found
Score Distribution
Percent of People with Each Score
Percentile by Number Answered
Your Score History
You have not taken this quiz